000 01251nam a2200361 i 4500
001 200453219
999 _c200453219
_d71431
003 TR-AnTOB
005 20240907073858.0
007 ta
008 230419s2021 tu oh b 001 0 tur d
020 _a9786052089415 (hardback)
040 _aGAZIU
_beng
_erda
_cTR-AnTOB
_dT9K
_dTR-AnTOB
041 0 _atur
050 4 _aPL248.M42
_bM446483 2021
090 _aPL248.M42
_bM446483 2021
100 1 _aErsoy, Mehmet Akif
_d1873-1936
_eauthor
_9122057
245 1 0 _aMehmet Akif Ersoy şiir külliyatı :
_bSafahat /
_cMehmet Akif Ersoy ; yayına hazırlayan Necmettin Turinay.
246 3 0 _aSafahat.
250 _a2. Baskı Eylül 2021
264 1 _aAnkara :
_bTürkiye Büyük Millet Meclisi,
_c2021.
300 _a1017 pages :
_bphotographs, facsimiles ;
_c25 cm
336 _atext
_btxt
_2rdacontent
337 _aunmediated
_bn
_2rdamedia
338 _avolume
_bnc
_2rdacarrier
490 0 _aİstiklal Marşı'nın Yüzüncü Yılına Armağan ;
_v1
504 _aBIBINDX
650 7 _aŞairler, Türk
_2etuturkob
_9101951
650 7 _aTürk şiiri
_2etuturkob
_984273
650 7 _aTürk edebiyatı
_2etuturkob
_986354
700 1 _aTurinay, Necmettin,
_d1946-
_eeditor
_988014
942 _2lcc
_cBK